Sudden death - American First Ladies - Statistics

General Stats
  • This quiz has been taken 124 times
  • The average score is 5 of 10
Answers on the Grid
Answers color-coded by a green-red scale on the quiz's grid according to % correct below.
Robert J. Oppenheimer
Margaret Wilson
Betty Polk
Michelle Obama
Scarlet Overkill
Hilary Clinton
Jacqueline Kennedy
Lucretia Clinton
Grace Coolidge
Florence Harding
Beth Biden
Juliet Lane
Margaret Anne
Mary Bliss
Ida McKee
Martha Mays
Jane Fillmore
Francis Ewing
Martha Mathers
Coraline Trump
Lady Bird Johnson
London Adams
Mary Lincoln
Envy Washington
Garfield Brown
Niagra Jefferson
Megan Jones
Jean Gray
Jennifer Cooley
Harriet Lane
 
Answer Stats
Answer % Correct
Jacqueline Kennedy
83%
Hilary Clinton
75%
Michelle Obama
72%
Lady Bird Johnson
61%
Mary Lincoln
58%
Grace Coolidge
39%
Margaret Wilson
39%
Florence Harding
31%
Harriet Lane
14%
Mary Bliss
6%
No matching quizzes found
Score Distribution
Percent of People with Each Score
Percentile by Number Answered
Your Score History
You have not taken this quiz